000 00382nam a2200145Ia 4500
008 230917s9999||||xx |||||||||||||| ||und||
040 _e77844
_aMAIN
041 _aEnglish
082 _a332.722 D424M
100 _aDennis, Marshall W
245 0 _aMortgage lending fundamentals and practices
260 _aReston
_bReston Publishing
_c1981
300 _axvi, 366 p.
942 _cBK
999 _c220660
_d220660